| 000 | 00602nam a22001697a 4500 | ||
|---|---|---|---|
| 005 | 20260509152525.0 | ||
| 008 | 260509b |||||||| |||| 00| 0 eng d | ||
| 020 | _a9789372127010 | ||
| 040 |
_aSGVU Library _cSGVU Library |
||
| 082 |
_222 _a632.95 _bCHD B |
||
| 100 |
_aChaddar Dhawarka Nisha _940322 |
||
| 245 |
_aBioformulation And Nanoformulation, जैवसंयोजन एवं सूक्ष्मसंयोजन _hHindi |
||
| 260 |
_aNew Delhi , India _bKalyani Publishers _c2026 |
||
| 300 |
_a188p _bPB |
||
| 650 |
_aAgriculture _yG4772 _940323 |
||
| 942 |
_2ddc _cBOOKS _k632.95 CHD B |
||
| 999 |
_c90291 _d90291 |
||